[Event "Titled Tuesday intern op 02nd Apr Late"]
[Site "Chess.com INT"]
[Date "2024.04.02"]
[Round "3"]
[White "Salinas Herrera, Pablo Patricio"]
[Black "Sadovsky, Artem"]
[Result "0-1"]
[WhiteElo "2487"]
[BlackElo "2276"]
[PlyCount "60"]
[EventDate "2024.04.02"]
[EventType "swiss (blitz)"]
[EventRounds "11"]
[EventCountry "USA"]
[SourceTitle "CB15_2024"]
[SourceDate "2024.04.10"]
[SourceVersion "1"]
[SourceVersionDate "2024.04.10"]
[SourceQuality "1"]

1. d4 g6 2. Bf4 Bg7 3. e3 d6 4. h3 e5 5. Bh2 exd4 6. exd4 Nf6 7. Bd3 0-0 8. Ne2 Re8 9. Nd2 b6 10. 0-0 Bb7 11. Re1 Nbd7 12. c3 a5 13. Qc2 a4 14. a3 Nd5 15. Bb5 Qg5 16. Nf3 Ne3 17. Nxg5 Nxc2 18. Bxd7 Nxa1 19. Bxe8 Rxe8 20. Rxa1 Rxe2 21. Rb1 Bh6 22. Nf3 Be4 23. Rd1 Rxb2 24. Re1 Rb1 25. Rxb1 Bxb1 26. c4 Bc1 27. c5 bxc5 28. dxc5 Bxa3 29. cxd6 Bxd6 30. Nd2 Bd3 0-1

[Event "Titled Tuesday intern op 16th Jan Late"]
[Site "Chess.com INT"]
[Date "2024.01.16"]
[Round "8"]
[White "Sadovsky, Artem"]
[Black "Bogaudinov, Rushan"]
[Result "1-0"]
[WhiteElo "2276"]
[BlackElo "1853"]
[PlyCount "123"]
[EventDate "2024.01.16"]
[EventType "swiss (blitz)"]
[EventRounds "11"]
[EventCountry "USA"]
[SourceTitle "CB04_2024"]
[SourceDate "2023.10.16"]
[SourceVersion "1"]
[SourceVersionDate "2023.10.16"]
[SourceQuality "1"]

1. Nf3 d5 2. e3 e6 3. b3 Nf6 4. Bb2 Be7 5. Be2 0-0 6. 0-0 b6 7. c4 Bb7 8. d3 c5 9. Nbd2 Nc6 10. a3 Re8 11. Qc2 Bf8 12. Ne5 Nxe5 13. Bxe5 Nd7 14. Bb2 e5 15. cxd5 Bxd5 16. Bf3 Nf6 17. Bxd5 Qxd5 18. e4 Qd7 19. Nc4 Bd6 20. f4 exf4 21. e5 Bxe5 22. Nxe5 Qf5 23. Rae1 Nd5 24. Qc4 Rad8 25. Nc6 Rc8 26. Nxa7 Ra8 27. Bc1 g5 28. Nb5 Red8 29. Qe4 Qf6 30. Rf2 Ra5 31. Bb2 Qg6 32. Qe5 f6 33. Qe6+ Qf7 34. Qc6 Qd7 35. Qxd7 Rxd7 36. a4 Nb4 37. Bxf6 Nxd3 38. Rd1 Nxf2 39. Rxd7 Ne4 40. Be5 Ra8 41. Nc7 Rc8 42. Nd5 c4 43. Ne7+ Kf7 44. Nxc8+ Ke6 45. Rd1 cxb3 46. Nxb6 Kxe5 47. Rb1 Kd4 48. Rxb3 Kc5 49. a5 g4 50. a6 Nd2 51. Rc3+ Kd4 52. a7 Kxc3 53. a8Q Ne4 54. Qxe4 Kd2 55. Nc4+ Kc1 56. Qxf4+ Kc2 57. Qd2+ Kb3 58. Qb2+ Kxc4 59. Qg7 Kd3 60. Qxh7+ Ke3 61. g3 Kf3 62. Qd3# 1-0

[Event "Titled Tuesday intern op 18th Jul Late"]
[Site "Chess.com INT"]
[Date "2023.07.18"]
[Round "9"]
[White "Rios Escobar, Adan"]
[Black "Sadovsky, Artem"]
[Result "0-1"]
[WhiteElo "2234"]
[BlackElo "2276"]
[PlyCount "82"]
[EventDate "2023.07.18"]
[EventType "swiss (blitz)"]
[EventRounds "11"]
[EventCountry "USA"]
[SourceTitle "EXT 2024"]
[Source "ChessBase"]
[SourceDate "2023.10.10"]
[SourceVersion "1"]
[SourceVersionDate "2023.10.10"]
[SourceQuality "1"]

1. d4 g6 2. g3 Bg7 3. Bg2 d6 4. e4 e5 5. dxe5 dxe5 6. Qxd8+ Kxd8 7. Nc3 Be6 8. Be3 Nd7 9. 0-0-0 f6 10. f4 c6 11. Na4 Kc7 12. Ne2 Nh6 13. h3 Rhd8 14. Nc5 Nxc5 15. Bxc5 Bf8 16. Be3 Nf7 17. a4 Bb4 18. h4 Bg4 19. Rxd8 Rxd8 20. Nc3 Bxc3 21. bxc3 Nd6 22. Bxa7 Nc4 23. Bc5 Rd2 24. Bh3 Bxh3 25. Rxh3 Re2 26. Kb1 exf4 27. gxf4 Nd2+ 28. Kb2 Nxe4 29. Bd4 h5 30. f5 gxf5 31. Rf3 Nd6 32. Bxf6 Re4 33. a5 Kd7 34. Bg5 Ke6 35. Bf4 Nc4+ 36. Ka2 Nxa5 37. Bg5 Nc4 38. Rd3 f4 39. Rd8 Kf5 40. Rf8+ Kg4 41. Kb3 f3 0-1

[Event "Titled Tuesday intern op 18th Jul Late"]
[Site "Chess.com INT"]
[Date "2023.07.18"]
[Round "7"]
[White "Sadovsky, Artem"]
[Black "Delgado Kuffo, Andres"]
[Result "1-0"]
[WhiteElo "2276"]
[BlackElo "2320"]
[PlyCount "59"]
[EventDate "2023.07.18"]
[EventType "swiss (blitz)"]
[EventRounds "11"]
[EventCountry "USA"]
[SourceTitle "EXT 2024"]
[Source "ChessBase"]
[SourceDate "2023.10.10"]
[SourceVersion "1"]
[SourceVersionDate "2023.10.10"]
[SourceQuality "1"]

1. Nf3 d5 2. e3 Nf6 3. c4 c6 4. b3 Bf5 5. Bb2 e6 6. Be2 h6 7. 0-0 Nbd7 8. d3 Be7 9. Nbd2 0-0 10. Qc2 Bh7 11. Rad1 a5 12. a3 Rc8 13. Qc1 b5 14. Qa1 Nc5 15. Ne5 dxc4 16. dxc4 Bc2 17. cxb5 Bxd1 18. Rxd1 cxb5 19. Bxb5 Qb6 20. a4 Rfd8 21. Bd4 Qc7 22. Nc6 Rd5 23. Qb1 Ng4 24. Nf3 e5 25. Qf5 Nxf2 26. Kxf2 Bd6 27. Bc4 g6 28. Qh3 exd4 29. Bxd5 dxe3+ 30. Ke2 1-0

[Event "Titled Tuesday intern op 18th Jul Late"]
[Site "Chess.com INT"]
[Date "2023.07.18"]
[Round "8"]
[White "Sadovsky, Artem"]
[Black "Luong, Phuong Hanh"]
[Result "1-0"]
[WhiteElo "2276"]
[BlackElo "2100"]
[PlyCount "61"]
[EventDate "2023.07.18"]
[EventType "swiss (blitz)"]
[EventRounds "11"]
[EventCountry "USA"]
[SourceTitle "EXT 2024"]
[Source "ChessBase"]
[SourceDate "2023.10.10"]
[SourceVersion "1"]
[SourceVersionDate "2023.10.10"]
[SourceQuality "1"]

1. Nf3 Nf6 2. e3 g6 3. b3 Bg7 4. Bb2 d6 5. c4 0-0 6. Be2 e5 7. 0-0 Nbd7 8. d4 Qe7 9. dxe5 dxe5 10. Ba3 c5 11. Nc3 e4 12. Nd2 b6 13. Qc2 Bb7 14. Rad1 Rad8 15. Bb2 Rfe8 16. Qb1 Nf8 17. Qa1 Ne6 18. Ndb1 Rxd1 19. Rxd1 Rd8 20. Nd2 Ng5 21. Nf1 Rxd1 22. Qxd1 Qd7 23. Qc2 Ne8 24. Ng3 f5 25. Bf1 Nf7 26. Nge2 g5 27. Ng3 Ned6 28. Nh5 Bh8 29. Nd5 Bxd5 30. Bxh8 Kxh8 31. Qb2+ 1-0

[Event "Titled Tuesday intern op 04th Jul Late"]
[Site "Chess.com INT"]
[Date "2023.07.04"]
[Round "3"]
[White "Campos, Maria Jose"]
[Black "Sadovsky, Artem"]
[Result "1/2-1/2"]
[WhiteElo "2212"]
[BlackElo "2276"]
[PlyCount "281"]
[EventDate "2023.07.04"]
[EventType "swiss (blitz)"]
[EventRounds "11"]
[EventCountry "USA"]
[SourceTitle "EXT 2024"]
[Source "ChessBase"]
[SourceDate "2023.10.10"]
[SourceVersion "1"]
[SourceVersionDate "2023.10.10"]
[SourceQuality "1"]

1. c4 g6 2. g3 Bg7 3. Bg2 e5 4. Nc3 Ne7 5. d3 0-0 6. e4 Nbc6 7. Nge2 d6 8. 0-0 f5 9. Bg5 f4 10. gxf4 h6 11. Bxe7 Qxe7 12. Nd5 Qf7 13. f3 exf4 14. d4 g5 15. b4 Be6 16. b5 Na5 17. Rc1 c6 18. bxc6 bxc6 19. Qa4 Nxc4 20. Nb4 c5 21. Nc6 Nb6 22. Qd1 Bxa2 23. d5 Nxd5 24. exd5 Bxd5 25. Qxd5 Qxd5 26. Ne7+ Kf7 27. Nxd5 Ke6 28. Nc7+ Kd7 29. Nd5 Kc6 30. Nec3 Bd4+ 31. Kh1 a5 32. Bh3 a4 33. Ne7+ Kb6 34. Rb1+ Ka6 35. Nxa4 Rab8 36. Nc6 Rb5 37. Nxd4 cxd4 38. Bd7 Rxb1 39. Rxb1 Rd8 40. Bc6 Ka5 41. Nb2 Kb4 42. Rc1 Rc8 43. Nd3+ Ka3 44. Rc4 Kb3 45. Rc1 Ka3 46. Kg2 Rc7 47. Kh3 d5 48. Kg4 Re7 49. Bxd5 Re3 50. Be4 Re2 51. h3 Rg2+ 52. Kf5 Kb3 53. Rc6 Rg3 54. Rxh6 Kc3 55. Rc6+ Kd2 56. Rd6 Ke3 57. Nb4 Rxh3 58. Kxg5 Rg3+ 59. Kf5 Rg8 60. Bc6 Rf8+ 61. Ke6 Rh8 62. Kd7 Rh7+ 63. Kc8 Ra7 64. Re6+ Kd2 65. Rd6 Kc3 66. Nd5+ Kc4 67. Nf6 Kc5 68. Re6 d3 69. Be4 d2 70. Rc6+ Kd4 71. Rd6+ Ke3 72. Ng4+ Ke2 73. Bc2 Ra3 74. Ne5 Rc3+ 75. Rc6 Rxc6+ 76. Nxc6 Kxf3 77. Bd1+ Ke3 78. Kd7 f3 79. Ne5 f2 80. Ng4+ Kf4 81. Nxf2 Ke3 82. Ng4+ Kf4 83. Nf6 Ke5 84. Ke7 Kd4 85. Ke6 Ke3 86. Nd5+ Kf2 87. Nc3 Ke1 88. Kd5 Kf2 89. Kd4 Ke1 90. Kd3 Kf2 91. Kxd2 Kg3 92. Be2 Kf4 93. Kd3 Ke5 94. Ne4 Kf4 95. Kd4 Kf5 96. Bd3 Kf4 97. Nd2 Kg5 98. Ke4 Kf6 99. Bc4 Kg5 100. Nf3+ Kg4 101. Be6+ Kg3 102. Ke3 Kg2 103. Bf5 Kg3 104. Be6 Kg2 105. Kf4 Kf2 106. Bc4 Kg2 107. Ne5 Kf2 108. Bb5 Ke1 109. Ke3 Kd1 110. Bc4 Ke1 111. Nd3+ Kd1 112. Bb5 Kc2 113. Kd4 Kd2 114. Ba4 Ke2 115. Ke4 Kd2 116. Nc5 Kc3 117. Kd5 Kd2 118. Bb5 Kc3 119. Ne4+ Kb4 120. Bd3 Kb3 121. Kd4 Kb4 122. Nd6 Kb3 123. Nc4 Kb4 124. Bc2 Kb5 125. Kd5 Kb4 126. Kd4 Kb5 127. Bd1 Kb4 128. Nd6 Ka3 129. Kc3 Ka2 130. Nb5 Ka1 131. Kc2 Ka2 132. Be2 Ka1 133. Bf3 Ka2 134. Bc6 Ka1 135. Nd4 Ka2 136. Nb3 Ka3 137. Kc3 Ka2 138. Bd7 Ka3 139. Bf5 Ka2 140. Bd3 Ka3 141. Bb1 1/2-1/2

[Event "Titled Tuesday intern op 04th Jul Late"]
[Site "Chess.com INT"]
[Date "2023.07.04"]
[Round "8"]
[White "Sadovsky, Artem"]
[Black "Mikhalsky, Vladimir"]
[Result "1-0"]
[WhiteElo "2276"]
[BlackElo "2219"]
[PlyCount "77"]
[EventDate "2023.07.04"]
[EventType "swiss (blitz)"]
[EventRounds "11"]
[EventCountry "USA"]
[SourceTitle "EXT 2024"]
[Source "ChessBase"]
[SourceDate "2023.10.10"]
[SourceVersion "1"]
[SourceVersionDate "2023.10.10"]
[SourceQuality "1"]

1. e4 g6 2. h4 d5 3. h5 dxe4 4. hxg6 fxg6 5. Nc3 Nf6 6. f3 exf3 7. Nxf3 Bg4 8. Bc4 Bg7 9. d4 Nc6 10. Be3 Qd6 11. d5 Ne5 12. Bb5+ c6 13. dxc6 Qxd1+ 14. Rxd1 bxc6 15. Nxe5 cxb5 16. Nxb5 0-0 17. Nxg4 Nxg4 18. Bd4 e5 19. Bc5 Rfc8 20. b4 a5 21. Nd6 Rc6 22. a3 axb4 23. axb4 e4 24. Ke2 Ra2 25. Nxe4 Rxc2+ 26. Rd2 Rxd2+ 27. Kxd2 Re6 28. Kd3 Ne5+ 29. Kc2 Nc6 30. Nc3 Bf8 31. Bxf8 Kxf8 32. b5 Nd4+ 33. Kd3 Nb3 34. Rxh7 Nc5+ 35. Kc4 Ne4 36. Kd5 Nxc3+ 37. Kxe6 Nxb5 38. Kf6 Nd4 39. Rh8# 1-0